| 000 | 00466cam a2200181ua 4500 | ||
|---|---|---|---|
| 001 | 10711 | ||
| 008 | 190328n ii |||gr||||Z||||||eng | ||
| 020 | _a9788173910863 | ||
| 040 | _cMAIN | ||
| 082 | _a370.1 | ||
| 100 |
_aS N Sharma, _eAuthor. |
||
| 245 | _aPhilosophical and sociological foundations of education | ||
| 250 | _a2nd rev. | ||
| 260 |
_aNew Delhi: _bKanishka publishers, distributors, _c2015. |
||
| 300 | _a344p. | ||
| 653 | _aEducation | ||
| 942 | _cBK | ||
| 999 |
_c9678 _d9678 |
||